000 00573nam a22002057a 4500
003 OSt
005 20151012183159.0
008 151012b xxu||||| |||| 00| 0 eng d
020 _a9781412981491
040 _cDDC
082 _a381.1 LEE 2011
100 _aLee, Nancy R.; Kotler, Philip
_95846
245 _aSocial marketing:
_binfluencing behaviors for goods
250 _a4th ed.
260 _aLos Angeles;
_bSage,
_c2011
300 _axi,502p;
_bcol.ill:
_c23cm
504 _aAppendices, & index included
650 _aComputer Marketing
_95847
942 _2ddc
_cO_SHELF
999 _c2323
_d2323